| 000 | 00383nam a2200133Ia 4500 | ||
|---|---|---|---|
| 008 | 211118s9999||||xx |||||||||||||| ||und|| | ||
| 082 |
_a894.812 3 _bVAS-N |
||
| 100 | _aVasudevan Nair, M T | ||
| 245 | 0 | _aNALU THIRAKKATHAKAL | |
| 260 |
_bSAHRUDAYA BOOKS _aKOTTAYAM _c1997 |
||
| 630 | _xMalayalam FictionGeneral Stack | ||
| 650 | _aMalayalam LiteratuireMalayalam Novels | ||
| 942 | _cBOOK | ||
| 999 |
_c97751 _d97751 |
||